लक्ष्य हिन्दी निबंध/ (Record no. 177458)
[ view plain ]
| 000 -LEADER | |
|---|---|
| fixed length control field | 01482nam a22002537a 4500 |
| 005 - DATE AND TIME OF LATEST TRANSACTION | |
| control field | 20210408111822.0 |
| 010 ## - LCCN (DPL NO) | |
| LC control number | B-739360-362 B-739586 |
| 020 ## - INTERNATIONAL STANDARD BOOK NUMBER | |
| International Standard Book Number | 8188318736 |
| Terms of availability | 450.00 |
| 035 ## - SYSTEM CONTROL NUMBER | |
| System control number | B-739360-362 |
| 035 ## - SYSTEM CONTROL NUMBER | |
| System control number | B-739586 |
| 037 ## - SOURCE OF ACQUISITION | |
| Source of stock number/acquisition | अनुराग प्रकाशन |
| 037 ## - SOURCE OF ACQUISITION | |
| Source of stock number/acquisition | डी.बी.ए.डी./ उपहार |
| 082 ## - DEWEY DECIMAL CLASSIFICATION NUMBER | |
| Classification number | 808.4 |
| 100 ## - MAIN ENTRY--PERSONAL NAME | |
| Personal name | बंद्रवाल, प्रवीण कुमार |
| 245 ## - TITLE STATEMENT | |
| Title | लक्ष्य हिन्दी निबंध/ |
| Statement of responsibility, etc | प्रवीण कुमार ब्रंद्रवाल |
| 246 ## - VARYING FORM OF TITLE | |
| Title proper/short title | Lakshya Hindi Nibandh |
| Remainder of title | by Praveen Kumar Bandrawal |
| 260 ## - PUBLICATION, DISTRIBUTION, ETC. (IMPRINT) | |
| Place of publication, distribution, etc | नई दिल्ली |
| Name of publisher, distributor, etc | सन शाइन बुक्स |
| Date of publication, distribution, etc | 2017 |
| 270 ## - ADDRESS | |
| Address | 4760-61,द्वितीय तल, 23,अंसारी रोड,दरियागंज, |
| City | नई दिल्ली |
| Postal code | 110002 |
| 300 ## - PHYSICAL DESCRIPTION | |
| Extent | 200पृ. |
| Dimensions | 22सेमी (सजिल्द) |
| 650 ## - SUBJECT ADDED ENTRY--TOPICAL TERM | |
| Topical term or geographic name as entry element | Hindi Nibandh |
| 942 ## - ADDED ENTRY ELEMENTS (KOHA) | |
| Institution code [OBSOLETE] | dpl |
| Item type | Hindi Books |
| Source of classification or shelving scheme | Dewey Decimal Classification |
| Classification part | 808.4 |
| Call number suffix | बंद्रवा |
| Withdrawn status | Lost status | Not for loan | Collection code | Home library | Current library | Date acquired | Source of acquisition | Cost, normal purchase price | Full call number | Barcode | Copy number | Cost, replacement price | Koha item type | Public note |
|---|---|---|---|---|---|---|---|---|---|---|---|---|---|---|
| Non-fiction | Central Library | Central Library | 08/04/2021 | उपहार/05.04.2021 | 450.00 | 808.4 बंद्रवा | B-739586 | 1 | 450.00 | Hindi Books | उपहार | |||
| Non-fiction | Mobile Library | Mobile Library | 26/03/2021 | अनुराग प्रकाशन/3451/15.03.2021/34/04.03.2021/17.03.2021 | 450.00 | 808.4 बंद्रवा | B-739360 | 3 | 450.00 | Hindi Books | ||||
| Non-fiction | Mobile Library | Mobile Library | 26/03/2021 | अनुराग प्रकाशन/3451/15.03.2021/34/04.03.2021/17.03.2021 | 450.00 | 808.4 बंद्रवा | B-739361 | 3 | 450.00 | Hindi Books | ||||
| Non-fiction | Mobile Library | Mobile Library | 26/03/2021 | अनुराग प्रकाशन/3451/15.03.2021/34/04.03.2021/17.03.2021 | 450.00 | 808.4 बंद्रवा | B-739362 | 3 | 450.00 | Hindi Books |
